书目信息 |
| 题名: |
亲近狗狗关爱自己
|
|
| 作者: | 范泉水 , 邵丽华 编 | |
| 分册: | ||
| 出版信息: | 北京 化学工业出版社 2007.05 |
|
| 页数: | 186页 | |
| 开本: | 19cm | |
| 丛书名: | ||
| 单 册: | ||
| 中图分类: | S829.2-62 | |
| 科图分类: | ||
| 主题词: | 犬--quan--驯养--手册 | |
| 电子资源: | ||
| ISBN: | 978-7-122-00286-0 | |
| 000 | 00941nam0 2200265 450 | |
| 001 | 012007280055 | |
| 005 | 20071205090825.98 | |
| 010 | @a978-7-122-00286-0@dCNY19.00 | |
| 100 | @a20071204d2007 km y0chi0120 ea | |
| 101 | 0 | @achi |
| 102 | @aCN@b110000 | |
| 105 | @aa a 000yy | |
| 106 | @ar | |
| 200 | 1 | @a亲近狗狗关爱自己@Aqin jin gou gou guan ai zi ji@e养犬必备知识手册@f范泉水, 邵丽华编@Ffan quan shui,shao li hua bian |
| 210 | @a北京@c化学工业出版社@d2007.05 | |
| 215 | @a186页@c图@d19cm | |
| 320 | @a有书目 | |
| 330 | @a本书从养犬带给我们的丰富多彩的生活、与犬安全相片的学问、不同人群犬种的选择、犬的习性等多个方面讲述了与犬接触和交往的知识。 | |
| 517 | 1 | @a养犬必备知识手册@Ayang quan bi bei zhi shi shou ce |
| 606 | 0 | @a犬@Aquan@x驯养@j手册 |
| 690 | @aS829.2-62@v4 | |
| 701 | 0 | @a范泉水@Afan quan shui@4编 |
| 701 | 0 | @a邵丽华@Ashao li hua@4编 |
| 801 | 0 | @aCN@bQSSK@c20071205 |
| 905 | @b270061-63@dS829.2-62@eF126@f3 | |
| 亲近狗狗关爱自己:养犬必备知识手册/范泉水, 邵丽华编.-北京:化学工业出版社,2007.05 |
| 186页:图;19cm |
| ISBN 978-7-122-00286-0:CNY19.00 |
| 本书从养犬带给我们的丰富多彩的生活、与犬安全相片的学问、不同人群犬种的选择、犬的习性等多个方面讲述了与犬接触和交往的知识。 |
| ● |
| 相关链接 |
|
|
|
正题名:亲近狗狗关爱自己
索取号:S829.2-62/F126
 
预约/预借
| 序号 | 登录号 | 条形码 | 馆藏地/架位号 | 状态 | 备注 |
| 1 | 270061 | 202700611 | 自科库401/401自科库 2排1列3层/ [索取号:S829.2-62/F126] | 在馆 | |
| 2 | 270062 | 202700620 | 期刊室512/401自科库 2排1列3层/ [索取号:S829.2-62/F126] | 在馆 | |
| 3 | 270063 | 202700639 | 期刊室512/401自科库 2排1列3层/ [索取号:S829.2-62/F126] | 在馆 |